Odgadnij Państwo po Trzech Miastach - Statystyki

Ogólne statystyki
  • Ten quiz został rozwiązany 106 razy
  • Średni wynik to 11 z 15
Statystyki odpowiedzi
Miasta Państwo % Poprawnych
Barcelona, Bilbao, Sevilla Hiszpania
99%
Donieck, Lwów, Charków Ukraina
99%
Manchester, Newcastle, Plymouth Wielka Brytania
97%
Braga, Funchal, Porto Portugalia
95%
Osaka, Kyoto, Sapporo Japonia
93%
Pireus, Saloniki, Chania Grecja
91%
Melbourne, Adelaide, Perth Australia
89%
Rosario, La Plata, Cordoba Argentyna
77%
Dżedda, Mekka, Medyna Arabia Saudyjska
74%
Guadalajara, Tijuana, Monterrey Meksyk
72%
Christchurch, Auckland, Manukau Nowa Zelandia
67%
Bacau, Krajowa, Kluż-Napoka Rumunia
57%
Lagos, Ibadan, Kano Nigeria
51%
Aleppo, Latakia, Hims Syria
48%
Davao, Cebu, Quezon City Filipiny
26%
Nie znaleziono quizów pasujących do podanych kryteriów
Rozkład punktacji
Procent ludzi z każdym wynikiem
Percentyl według liczby udzielonych odpowiedzi
Twoja historia wyników
Nie rozwiązałeś tego quizu